000 00308nam a22001337a 4500
008 170925b xxu||||| |||| 00| 0 eng d
020 _a9780940017306
041 _aeng
080 _24 ED
_a37
100 _a46
101 _aEDU
245 _aTEACHING STRATEGIES TECHNIQUES
_cGREIVE.D
942 _2udc
_cBK
999 _c29594
_d29594